00873nam a2200193 i 4500001000700000003000900007005001700016008004100033040002000074100004500094245019900139260008000338300003200418630003400450700004500484700001200529752002600541852011200567166176ES-MaACL20251002162150.0931025s1786 sp |||| | spa d aCYL bspa cPAB1 aTerreros y Pando, Esteban de,d1707-178210aDiccionario castellano b: con las voces de ciencias y artes y sus correspondientes en las tres lenguas francesa, latina e italiana / csu autor el P. Esteban de Terreros y Pando ; tomo primero. aMadrid : ben la imprenta de la viuda de Ibarra, hijos y compañia,c1786. a[6], XXXIV, 710 p. ; cFol.04aDiccionarios y Enciclopedias.11aTerreros y Pando, Esteban de,d1707-1782 1a eimp. aEspaña - d, Madrid aES-MaACLjR-89-92 z-- Enc. pasta española con hierros dorados, no original de la época Olim: B-287-90